000 00532nam a2200181 a 4500
005 20140310183457.0
008 091109s19uu xx 00 eng d
020 _a978564148704
050 _aHD 57.7
_b.C482 2006
100 _aChecketts, Darby
245 _aLeverage :
_bHow to create your own "tipping points" in business and in life /
_cDarby Checketts.
260 _aNew Jersey :
_bCareer Press,
_c2006.
300 _a222 p. :
_c22 cm.
521 _aBSBA
650 _aLeadership.
942 _cBK
_2lcc
_kFOR
999 _c23657
_d23657